000 01208nam0a2200337 i 4500
001 RU\NLR\BIBL_A\012864049
005 20241114215612.0
010 _a9785988576280
_9100
035 _a(NLR Aleph) 012864049
090 _a12468598
_c12468598
100 _a20220810d2022 u y0rusy50 ca
101 0 _arus
102 _aRU
105 _aa z 000zy
181 0 _ai
_baxxe
182 0 _an
200 1 _aНутрицевтика как метод психокоррекции
_fГенрих Мейроуз
203 _aТекст
_bвизуальный
_cнепосредственный
205 _a6-е изд.
210 _aМосква
_cПрофит Стайл
_d2022
215 _a254 с.
_cил.
_d21
320 _aБиблиогр.: с. 246-250
333 _a16+
606 1 _aПсихические расстройства
_xЛечебное питание
_92514199
_3RU\NLR\AUTH\6601705126
606 _aПсихические расстройства
_xТерапия нутрицевтиками
_92542706
_3RU\NLR\AUTH\6601718680
686 1 _aР64-5
700 1 _aМейроуз
_bГ.
_gГенрих
942 _cBOOK
980 _aNBR